000 00539nam a2200205 a 4500
001 23861
003 CO-ViMGA
008 141112s2004 ck r 000 u spa d
020 _a9580476713
040 _aCO-ViMGA
_bspa
_cCO-ViMGA
082 0 4 _aCu863.6 P373d
100 1 _aPerez de la Iglesia, Janina
_934568
245 1 0 _aEl difraz /
_cJanina Perez de la Iglesia
260 _aColombia :
_bnorma
300 _a256p.
490 _aZona libre
650 1 4 _a2 : NOVELA AMOROSA
_934569
650 1 4 _aNOVELA CUBANA
_92121
942 _2ddc
_cBK
999 _c31936
_d31936